[Event "Lucky op 2nd"]
[Site "Hamburg"]
[Date "1999.10.22"]
[Round "9"]
[White "Johnert, Alexandra"]
[Black "Mutzl, Klaus"]
[Result "1-0"]
[WhiteElo "820"]
[BlackElo "809"]
[PlyCount "41"]
[EventDate "1999.10.??"]
[EventType "swiss"]
[EventRounds "9"]
[EventCountry "GER"]
[SourceTitle "EXT 2001"]
[Source "ChessBase"]
[SourceDate "2000.11.22"]
[SourceVersion "1"]
[SourceVersionDate "2000.11.22"]
[SourceQuality "1"]

1. e4 e5 2. Nf3 Nf6 3. Nxe5 Nxe4 4. Qe2 d5 5. d3 f6 6. dxe4 fxe5 7. Qh5+ Kd7 8. Qxe5 c6 9. exd5 cxd5 10. Qxd5+ Bd6 11. Bf4 Re8+ 12. Be2 Re6 13. 0-0 Nc6 14. Bg4 Nb4 15. Bxe6+ Ke8 16. Qd2 Bxe6 17. Bxd6 Nd5 18. c4 Qxd6 19. cxd5 Rd8 20. dxe6 Qxe6 21. Re1 1-0

[Event "Lucky op 2nd"]
[Site "Hamburg"]
[Date "1999.10.18"]
[Round "5"]
[White "Johnert, Alexandra"]
[Black "Graffenberger, Marianne"]
[Result "1/2-1/2"]
[WhiteElo "820"]
[BlackElo "1282"]
[PlyCount "114"]
[EventDate "1999.10.??"]
[EventType "swiss"]
[EventRounds "9"]
[EventCountry "GER"]
[SourceTitle "EXT 2001"]
[Source "ChessBase"]
[SourceDate "2000.11.22"]
[SourceVersion "1"]
[SourceVersionDate "2000.11.22"]
[SourceQuality "1"]

1. e4 e5 2. Nf3 Nc6 3. Bc4 Bc5 4. d3 Nf6 5. Nc3 d6 6. Bg5 h6 7. Bh4 g5 8. Bg3 Qe7 9. Nd5 Nxd5 10. exd5 Nd4 11. Nxd4 Bxd4 12. c3 Bb6 13. 0-0 Bd7 14. Re1 f6 15. Qh5+ Qf7 16. Qxf7+ Kxf7 17. b4 a6 18. a4 Kg6 19. h3 Rhe8 20. b5 a5 21. Rad1 Re7 22. d4 Rae8 23. f3 exd4 24. Rxe7 Rxe7 25. cxd4 Bf5 26. Bf2 Bc2 27. Bd3+ Bxd3 28. Rxd3 Re2 29. Ra3 Rd2 30. Be3 Rd1+ 31. Kf2 Rb1 32. g3 Rb4 33. f4 Bxd4 34. fxg5 Bxe3+ 35. Kxe3 Kxg5 36. Kd3 h5 37. Rc3 h4 38. Ke2 Rxa4 39. Kf2 Rd4 40. Rxc7 hxg3+ 41. Kxg3 Rxd5 42. h4+ Kh6 43. Rxb7 a4 44. b6 a3 45. Ra7 Rd3+ 46. Kg4 Rb3 47. b7 Rb4+ 48. Kf5 d5 49. Kxf6 a2 50. Ke5 d4 51. Rxa2 Rxb7 52. Kxd4 Rb4+ 53. Ke3 Rxh4 54. Ra6+ Kg5 55. Ra5+ Kg4 56. Ra4+ Kg3 57. Rxh4 Kxh4 1/2-1/2